Report on the 1995-1996 survey of population change

Na minha lista:
Detalhes bibliográficos
Formato: Livro
Idioma:inglês
tailandês
Publicado em: Bangkok National Statistical Office 1997
Colecção:w.gl. 2538-2539
Assuntos:
Tags: Adicionar Tag
Sem tags, seja o primeiro a adicionar uma tag!

MARC

LEADER 00000nam a2200000 4500
001 c100743
005 20221124074927.9
020 |a 974-236-582-2 
041 0 |a eng 
041 0 |a tha 
044 |a TH 
245 1 0 |a Report on the 1995-1996 survey of population change 
264 1 |a Bangkok  |b National Statistical Office  |c 1997 
300 |a 67 s. 
490 1 |a w.gl. 2538-2539 
830 0 |a w.gl. 2538-2539 
610 2 0 |a údaje štatistické 
610 2 0 |a tabuľky štatistické 
610 2 0 |a štatistika 
610 2 0 |a populácia 
610 2 0 |a vek 
610 2 0 |a demografia 
610 2 0 |a Thajsko 
610 2 0 |a 1995-1996